Serbian SuperLiga 2025/26 First XI - Statistics

General Stats
  • This quiz has been taken 11 times
  • The average score is 63 of 176
Answer Stats
Club Position Nationality Player % Correct
Red Star AM Aleksandar Katai
78%
Partizan FW Jovan Milošević
78%
Partizan GK Marko Milošević
78%
Red Star GK Matheus
78%
Javor Ivanjica LB Stefan Milošević
78%
Železničar Pančevo AM Jovan Milosavljević
67%
Partizan LB Mario Jurčevič
67%
Red Star AM Milson
67%
Red Star AM Mirko Ivanić
67%
Red Star DM Rade Krunić
67%
Radnički Niš DM Radomir Milosavljević
67%
Red Star RB Seol Young-woo
67%
Partizan AM Vanja Dragojević
67%
Red Star CB Veljko Milosavljević
67%
Javor Ivanjica RM Aleksa Radonjić
56%
OFK Beograd GK Balša Popović
56%
Red Star FW Cherif Ndiaye
56%
Partizan AM Demba Seck
56%
TSC RW Dragoljub Savić
56%
Radnički Kragujevac DM Jovan Ilic
56%
Partizan RB Milan Roganović
56%
Radnički Niš LB Milijan Ilić
56%
Red Star CB Miloš Veljković
56%
Red Star LB Nair Tiknizyan
56%
Novi Pazar LB Nemanja Miletić
56%
Partizan AM Nemanja Trifunović
56%
Partizan CB Nikola Simić
56%
Vojvodina DM Njegoš Petrović
56%
Novi Beograd CB Siniša Popović
56%
Čukarički AM Slobodan Tedić
56%
Radnik Surdulica CB Uroš Ilić
56%
Radnički Niš AM Vanja Ilić
56%
TSC GK Veljko Ilic
56%
Partizan CB Vukasin Djurdjevic
56%
Partizan DM Yanis Karabelyov
56%
Železničar Pančevo GK Zoran Popović
56%
Spartak Subotica GK Aleksandar Vulić
44%
Vojvodina FW Aleksa Vukanović
44%
Čukarički RB Andreja Stojanović
44%
Radnik Surdulica CB David Stojanovic
44%
Vojvodina AM Dele
44%
Radnik Surdulica LM Đorđe Jovanović
44%
Radnik Surdulica RM Douglas Owusu
44%
Radnički Niš CB Dušan Pavlović
44%
Čukarički CB Filip Matijašević
44%
Železničar Pančevo DM Hristo Ivanov
44%
Vojvodina RB Lazar Nikolić
44%
Čukarički LB Lazar Stojanovic
44%
TSC CB Luka Capan
44%
Čukarički DM Marko Docić
44%
OFK Beograd RB Marko Gobeljić
44%
TSC CB Miloš Degenek
44%
Novi Beograd FW Milos Jovic
44%
Čukarički CB Nenad Tomović
44%
Železničar Pančevo RW Nikola Jovanovic
44%
Čukarički GK Nikola Mirković
44%
Čukarički DM Sambou Sissoko
44%
TSC FW Saša Jovanović
44%
Mladost Lučani GK Saša Stamenković
44%
Radnički Kragujevac CB Slobodan Simović
44%
Radnički Niš AM Stefan Nikolic
44%
Spartak Subotica AM Stefan Tomović
44%
TSC AM Szabolcs Mezei
44%
Vojvodina DM Vukan Savićević
44%
Novi Pazar DM Abdoulaye Cissé
33%
Železničar Pančevo RB Abdul Razak Yusif
33%
Novi Pazar CB Ahmed Hadzimujovic
33%
OFK Beograd AM Aleksa Cvetković
33%
Novi Beograd GK Alexandre Oukidja
33%
Partizan FW Bibras Natkho
33%
Radnički Kragujevac RB Bojan Adžić
33%
Vojvodina CB Collins Sichenje
33%
OFK Beograd AM Diogo Bezerra
33%
Vojvodina GK Dragan Rosić
33%
Radnički Kragujevac FW Ester Sokler
33%
Napredak Kruševac DM Filip Krstić
33%
Novi Pazar DM Ivan Davidović
33%
Mladost Lučani DM Janko Tumbasević
33%
Spartak Subotica FW José Mulato
33%
Red Star DM Jovan Šljivić
33%
Radnički Kragujevac AM Kilian Bevis
33%
Spartak Subotica AM Kwaku Osei Bonsu
33%
Napredak Kruševac GK Lazar Balević
33%
Čukarički AM Lazar Tufegdžić
33%
Radnički Kragujevac DM Louay Ben Hassine
33%
Spartak Subotica CB Luka Subotić
33%
Novi Pazar AM Matija Malekinušić
33%
OFK Beograd CB Miljan Momcilovic
33%
Napredak Kruševac DM Miloš Tošesk
33%
Spartak Subotica DM Muhamed Bešić
33%
Napredak Kruševac AM Nebojša Bastajić
33%
Mladost Lučani RB Nikola Andrić
33%
Novi Beograd LB Nikola Glišić
33%
Novi Beograd AM Nikola Krstic
33%
Radnički Kragujevac CB Nikola Miličić
33%
Mladost Lučani AM Ognjen Bondžulić
33%
Javor Ivanjica FW Ognjen Krsmanovic
33%
TSC LW Prestige Mboungou
33%
Radnički Niš AM Radivoj Bosić
33%
TSC AM Sarpreet Singh
33%
Železničar Pančevo LW Stefan Cvetkovic
33%
TSC RB Stefan Mladenović
33%
Železničar Pančevo FW Stefan Pirgic
33%
Radnik Surdulica GK Stefan Ranđelović
33%
Radnički Niš GK Strahinja Manojlović
33%
Radnički Kragujevac LB Tomislav Dadić
33%
Mladost Lučani FW Uroš Sremčević
33%
Novi Beograd DM Vasilije Novičić
33%
Radnik Surdulica FW Vukašin Bogdanović
33%
Spartak Subotica RB Yohan Bilingi
33%
Novi Pazar GK Željko Samčović
33%
Javor Ivanjica CM Amadou Sabo
22%
Novi Beograd CB Antoine Batisse
22%
Železničar Pančevo AM Branislav Knežević
22%
Spartak Subotica CB Danijel Kolarić
22%
Mladost Lučani AM Danilo Pantić
22%
Vojvodina CB Đorđe Crnomarković
22%
Vojvodina AM Dragan Kokanović
22%
Mladost Lučani CB Dusan Cvetinovic
22%
Javor Ivanjica CM Dušan Pantelić
22%
Javor Ivanjica CB Dušan Ristić
22%
Novi Beograd AM Dušan Žagar
22%
Novi Pazar CB Ensar Brunčević
22%
Radnik Surdulica CM Haris Hajdarević
22%
Novi Pazar RB Jovan Marinković
22%
Spartak Subotica DM Kayque
22%
Napredak Kruševac AM Lazar Zličić
22%
Novi Pazar AM Luka Bijelovic
22%
Radnički Kragujevac GK Luka Lijeskić
22%
Javor Ivanjica RB Marko Bjeković
22%
Radnički Niš RB Marko Petković
22%
Radnik Surdulica RB Mateja Gasic
22%
Mladost Lučani DM Mihailo Orescanin
22%
Novi Pazar AM Mihajlo Petkovic
22%
OFK Beograd DM Miloš Pantović
22%
Železničar Pančevo CB Mirko Milikic
22%
Radnik Surdulica CM Mladjan Stevanovic
22%
Napredak Kruševac CB Nemanja Djekovic
22%
Javor Ivanjica CB Nemanja Djokic
22%
Železničar Pančevo CB Nemanja Vidojević
22%
Napredak Kruševac AM Nikola Bogdanovski
22%
Železničar Pančevo LB Nikola Đuričić
22%
OFK Beograd DM Nikola Knezevic
22%
OFK Beograd AM Nikola Mituljikić
22%
Javor Ivanjica GK Nikola Vasiljević
22%
Mladost Lučani AM Petar Bojić
22%
Vojvodina AM Petar Sukacev
22%
Novi Beograd RB Stefan Bastaja
22%
Vojvodina LB Stefan Bukinac
22%
Napredak Kruševac CB Stefan Bukorac
22%
OFK Beograd FW Stefan Šćepović
22%
Novi Pazar FW Stefan Stanisavljević
22%
Radnik Surdulica LB Uroš Blagojević
22%
Čukarički FW Uroš Miladinović
22%
Radnički Niš CB Uroš Vitas
22%
TSC LB Viktor Radojevic
22%
Spartak Subotica LB Vladimir Prijović
22%
Mladost Lučani LB Žarko Udovičić
22%
OFK Beograd CB Aleksandar Đermanović
11%
Napredak Kruševac FW Aleksandar Lutovac
11%
TSC DM Aleksandar Stančić
11%
Radnički Kragujevac AM Alfa Mussá
11%
Radnički Kragujevac AM António Gomes
11%
Javor Ivanjica LM Bayéré Junior Loué
11%
Radnički Niš FW David Ewemade
11%
Javor Ivanjica CB Đorđe Skoko
11%
Napredak Kruševac RB Dragan Čubra
11%
OFK Beograd LB Dragan Tegeltija
11%
Napredak Kruševac LB Luka Drobnjak
11%
Novi Beograd DM Luka Krstović
11%
Radnik Surdulica FW Luka Puzovic
11%
Radnički Niš FW Nemanja Belaković
11%
Mladost Lučani CB Nikola Ćirković
11%
Čukarički AM Nikola Stanković
11%
Novi Beograd AM Tomislav Todorović
11%
Spartak Subotica AM Uroš Čejić
11%
No matching quizzes found
Score Distribution
Percent of People with Each Score
Percentile by Number Answered
Your Score History
You have not taken this quiz